[Event "World ol U16"]
[Site "Eindhoven"]
[Date "2023.08.16"]
[Round "6.23"]
[White "Radulovic, Vasilije"]
[Black "Karaolis, Andreas"]
[Result "1-0"]
[WhiteElo "1734"]
[BlackElo "1329"]
[PlyCount "161"]
[EventDate "2023.08.13"]
[EventType "team-swiss"]
[EventRounds "9"]
[EventCountry "NED"]
[SourceTitle "CBM 215 Extra"]
[Source "ChessBase"]
[SourceDate "2023.09.30"]
[SourceVersion "1"]
[SourceVersionDate "2023.09.30"]
[SourceQuality "1"]
[WhiteTeam "Montenegro"]
[BlackTeam "Cyprus"]
[WhiteTeamCountry "MNE"]
[BlackTeamCountry "CYP"]

1. d4 Nf6 2. c4 g6 3. Nf3 Bg7 4. g3 0-0 5. Bg2 c5 6. d5 b5 7. Qc2 bxc4 8. Qxc4 d6 9. Nc3 Bd7 10. e4 Qc8 11. 0-0 Bh3 12. Bd2 Bxg2 13. Kxg2 Nbd7 14. h3 Nb6 15. Qe2 Nfd7 16. a4 Rb8 17. Rfb1 a6 18. a5 Na8 19. Na4 Nc7 20. Bc3 f6 21. Nd2 Nb5 22. Nc4 Na7 23. Ncb6 Qb7 24. Nxd7 Qxd7 25. Qxa6 Nc8 26. Nb6 Nxb6 27. axb6 f5 28. Qa7 Qe8 29. Bxg7 Kxg7 30. Ra3 fxe4 31. Rba1 Qf7 32. Rf1 Qxd5 33. Kg1 Qb7 34. Ra6 Kg8 35. Rfa1 Qxa7 36. bxa7 Ra8 37. R1a5 Rfc8 38. Rb5 d5 39. Rb7 Kf8 40. Rab6 d4 41. Rb8 Rxa7 42. Rxc8+ Kf7 43. Rxc5 d3 44. Rd5 Ra1+ 45. Kg2 Rd1 46. Rb4 Re1 47. Rdd4 e5 48. Rd8 Re2 49. Rb7+ Ke6 50. Kf1 Rc2 51. b4 Rc1+ 52. Kg2 Rc2 53. Rbd7 e3 54. Rxd3 Rxf2+ 55. Kg1 Rf3 56. Rd1 Rxg3+ 57. Kh2 Rf3 58. Re1 Kf5 59. Rf8+ Ke4 60. Rxf3 Kxf3 61. Kg1 Ke4 62. b5 Kd5 63. Rxe3 h5 64. b6 Kc6 65. Rxe5 Kxb6 66. Re6+ Kc7 67. Rxg6 Kd7 68. Rg5 Ke7 69. Rxh5 Kf6 70. Rh4 Kg5 71. Ra4 Kh5 72. Kg2 Kg5 73. h4+ Kh5 74. Kg3 Kg6 75. Ra5 Kh6 76. Kg4 Kg6 77. Ra6+ Kf7 78. Kg5 Kg8 79. Ra7 Kh8 80. Kg6 Kg8 81. Ra8# 1-0

[Event "World ol U16"]
[Site "Eindhoven"]
[Date "2023.08.15"]
[Round "5.20"]
[White "Hu, Yifei"]
[Black "Karaolis, Andreas"]
[Result "1-0"]
[WhiteElo "1920"]
[BlackElo "1329"]
[PlyCount "95"]
[EventDate "2023.08.13"]
[EventType "team-swiss"]
[EventRounds "9"]
[EventCountry "NED"]
[SourceTitle "CBM 215 Extra"]
[Source "ChessBase"]
[SourceDate "2023.09.30"]
[SourceVersion "1"]
[SourceVersionDate "2023.09.30"]
[SourceQuality "1"]
[WhiteTeam "Australia"]
[BlackTeam "Cyprus"]
[WhiteTeamCountry "AUS"]
[BlackTeamCountry "CYP"]

1. d4 Nf6 2. c4 g6 3. g3 Bg7 4. Bg2 d5 5. cxd5 Nxd5 6. Nf3 0-0 7. 0-0 Nc6 8. Nc3 Nxc3 9. bxc3 Be6 10. Re1 Bc4 11. Nd2 Ba6 12. Qa4 Nb8 13. Ba3 Re8 14. Ne4 Nd7 15. Rad1 Qc8 16. Bh3 Nb6 17. Bxc8 Nxa4 18. Bd7 c6 19. Bxe8 Rxe8 20. Rc1 Bc4 21. Rc2 b6 22. Nd2 Be6 23. e4 Bh6 24. f4 b5 25. c4 bxc4 26. Nxc4 Bg7 27. Ne5 g5 28. Nxc6 gxf4 29. gxf4 Kh8 30. d5 Bg4 31. Ne5 Bh5 32. Re3 f6 33. Nd3 f5 34. e5 Nb6 35. d6 exd6 36. Bxd6 Nd5 37. Rg3 Bh6 38. Rh3 Rg8+ 39. Rg2 Rxg2+ 40. Kxg2 Be2 41. e6 Bxd3 42. Rxd3 Nf6 43. Be5 Kg8 44. Bxf6 Bf8 45. Rd8 h5 46. e7 Kh7 47. exf8Q h4 48. Qg7# 1-0

[Event "World ol U16"]
[Site "Eindhoven"]
[Date "2023.08.15"]
[Round "4.14"]
[White "Karaolis, Andreas"]
[Black "Uritsky, Yonathan"]
[Result "0-1"]
[WhiteElo "1329"]
[BlackElo "2175"]
[PlyCount "58"]
[EventDate "2023.08.13"]
[EventType "team-swiss"]
[EventRounds "9"]
[EventCountry "NED"]
[SourceTitle "CBM 215 Extra"]
[Source "ChessBase"]
[SourceDate "2023.09.30"]
[SourceVersion "1"]
[SourceVersionDate "2023.09.30"]
[SourceQuality "1"]
[WhiteTeam "Cyprus"]
[BlackTeam "Israel"]
[WhiteTeamCountry "CYP"]
[BlackTeamCountry "ISR"]

1. Nf3 c5 2. g3 g6 3. Bg2 Bg7 4. 0-0 Nf6 5. d4 0-0 6. c4 cxd4 7. Nxd4 Nc6 8. Nxc6 bxc6 9. Nc3 Rb8 10. Qc2 c5 11. b3 d6 12. Bb2 Qc7 13. Ne4 Ne8 14. Bxg7 Nxg7 15. Rad1 Bd7 16. Nc3 a5 17. Nd5 Qd8 18. Rfe1 Nf5 19. Qc3 a4 20. Bh3 axb3 21. axb3 Nd4 22. Bxd7 Qxd7 23. Qc1 Rxb3 24. Nf4 Rfb8 25. Nd3 Qe6 26. Nf4 Qf5 27. Nd5 R8b7 28. Ne3 Qe4 29. Qd2 Rb2 0-1

[Event "CYP-ch"]
[Site "Larnaca"]
[Date "2022.03.13"]
[Round "2"]
[White "Michaelides, Konstantinos"]
[Black "Karaolis, Andreas"]
[Result "1-0"]
[WhiteElo "2302"]
[BlackElo "1165"]
[PlyCount "79"]
[EventDate "2022.03.12"]
[EventType "tourn"]
[EventRounds "11"]
[EventCountry "CYP"]
[SourceTitle "EXT 2023"]
[Source "ChessBase"]
[SourceDate "2022.10.05"]
[SourceVersion "1"]
[SourceVersionDate "2022.10.05"]
[SourceQuality "1"]

1. Nf3 d5 2. g3 Nc6 3. d4 Bf5 4. Bg2 Nf6 5. 0-0 e6 6. c4 Nb4 7. Na3 dxc4 8. Bd2 Be7 9. Bxb4 Bxb4 10. Qa4+ Qd7 11. Qxb4 Nd5 12. Qxc4 0-0 13. Ne5 Qd8 14. Rfd1 c6 15. e4 Nb6 16. Qb3 Bg6 17. Nac4 Nxc4 18. Qxc4 Rc8 19. Rac1 Qe7 20. Qc5 Qc7 21. Nxg6 hxg6 22. d5 Qe5 23. dxc6 Qxc5 24. Rxc5 bxc6 25. e5 Rfd8 26. Rxd8+ Rxd8 27. Bxc6 Rd2 28. Rb5 f6 29. exf6 gxf6 30. Rb7 Rd1+ 31. Kg2 e5 32. a4 a5 33. Ra7 Rb1 34. b3 Kf8 35. Rxa5 Rxb3 36. Ra7 g5 37. Rf7+ Kxf7 38. Bd5+ Ke7 39. Bxb3 Kd6 40. h4 1-0

[Event "CYP-ch"]
[Site "Larnaca"]
[Date "2022.03.12"]
[Round "1"]
[White "Karaolis, Andreas"]
[Black "Klerides, Paris"]
[Result "0-1"]
[WhiteElo "1165"]
[BlackElo "2085"]
[PlyCount "112"]
[EventDate "2022.03.12"]
[EventType "tourn"]
[EventRounds "11"]
[EventCountry "CYP"]
[SourceTitle "EXT 2023"]
[Source "ChessBase"]
[SourceDate "2022.10.05"]
[SourceVersion "1"]
[SourceVersionDate "2022.10.05"]
[SourceQuality "1"]

1. e4 d5 2. exd5 Qxd5 3. Nc3 Qa5 4. d4 Nf6 5. Bd2 c6 6. h3 Bf5 7. Nf3 e6 8. a3 Nbd7 9. Bf4 Ne4 10. Bd2 Nxd2 11. Qxd2 Be7 12. Bd3 Bxd3 13. Qxd3 Rd8 14. Qe3 h6 15. 0-0 0-0 16. Ne2 Bf6 17. Ng3 Qb6 18. Rab1 Rfe8 19. Rfd1 e5 20. Qd3 exd4 21. Nf5 c5 22. b4 Qc7 23. Qc4 Qf4 24. Ng3 cxb4 25. axb4 Ne5 26. Nxe5 Bxe5 27. Rd3 Qf6 28. Rf3 Qe6 29. Qd3 Rc8 30. Re1 Rc3 31. Qf5 Rxf3 32. Qxf3 Qd7 33. Qe2 Kf8 34. Qd3 g6 35. Kf1 a6 36. Ne4 Qd5 37. Nc3 Qc6 38. Ne2 Qd6 39. Rd1 Qxb4 40. Nxd4 Bxd4 41. Qxd4 Re1+ 42. Rxe1 Qxd4 43. Rb1 b5 44. Ke2 a5 45. Rd1 Qe4+ 46. Kf1 Qxc2 47. Re1 a4 48. g3 a3 49. Ra1 a2 50. Rxa2 Qxa2 51. Kg2 Qe2 52. Kg1 b4 53. Kg2 b3 54. Kh2 Qxf2+ 55. Kh1 b2 56. g4 b1Q# 0-1

[Event "EU-ch Hybrid U10"]
[Site "Tornelo INT"]
[Date "2021.10.15"]
[Round "7"]
[White "Karaolis, Andreas"]
[Black "Rajbharath, Harjith"]
[Result "0-1"]
[WhiteElo "1232"]
[BlackElo "1120"]
[PlyCount "80"]
[EventDate "2021.10.15"]
[EventType "swiss"]
[EventRounds "9"]
[EventCountry "NET"]
[SourceTitle "EXT 2023"]
[Source "ChessBase"]
[SourceDate "2022.10.05"]
[SourceVersion "1"]
[SourceVersionDate "2022.10.05"]
[SourceQuality "1"]
[WhiteTeam "Zypern"]
[BlackTeam "Poland"]
[WhiteTeamCountry "CYP"]
[BlackTeamCountry "POL"]

1. e4 c6 2. d4 d5 3. e5 Bf5 4. Nc3 e6 5. a3 Nd7 6. Bd3 Bxd3 7. Qxd3 c5 8. Nf3 cxd4 9. Qxd4 Bc5 10. Qg4 g6 11. 0-0 Ne7 12. Re1 Nf5 13. Na4 Qc7 14. Nxc5 Qxc5 15. c3 Qc7 16. Bg5 h6 17. Bf4 0-0-0 18. Rac1 Kb8 19. Nd4 Nc5 20. Qe2 Qb6 21. b4 Nxd4 22. cxd4 Nb3 23. Rcd1 Nxd4 24. Qd3 Nf5 25. Rc1 Qd4 26. Qxd4 Nxd4 27. Be3 Nf5 28. Bc5 b6 29. Be3 Rc8 30. h3 d4 31. Bf4 Rc3 32. Rxc3 dxc3 33. Rc1 Rc8 34. Kf1 c2 35. Ke2 Nd4+ 36. Kd3 Rd8 37. Ke3 g5 38. Bg3 Kb7 39. f4 Nf5+ 40. Kf2 Rd2+ 0-1